000 00702nam a2200265Ia 4500
003 OSt
005 20221005093449.0
006 a|||||r|||| 00| 0
007 ta
008 221004b |||||||| |||| 00| 0 eng d
020 _a0471154512
024 _a25060
037 _cTextual
040 _aCRL
_cCRL
_beng
041 _2eng
_aeng
082 _aE9G, N7
100 _aDevlin Thomas M Editor
_9618386
245 0 _aTextbook of biochemistry with clinical correlations
250 _aEd 4
260 _aNew York
_bWiley-Liss USA
_c1997
300 _a1186p.
_ccm.
650 _aBIOCHEMISTRY
942 _hE9G, N7
_cTEXL
_2cc
999 _c1000386
_d1000386